Missing Word: 'D' Literature Quiz Stats

 Plays Quiz Updated Jul 22, 2012

Support Sporcle.
Go Orange.
Score 0/20 Timer 04:00
0 Plays Today
Book 'D' Word % Correct
Moby-_____Dick
98.8%
Strange Case of _____ Jekyll and Mr. HydeDr.
98.3%
Angels and _____Demons
95.1%
The Girl with the _____ TattooDragon
95%
_____ of a Wimpy KidDiary
94.8%
_____ CopperfieldDavid
94.4%
Harry Potter and the _____ HallowsDeathly
92.5%
_____ QuixoteDon
92%
Watership _____Down
91.1%
The Picture of _____ GrayDorian
86.9%
Book 'D' Word % Correct
Breaking _____Dawn
79.4%
As I Lay _____Dying
72.6%
The _____ ComedyDivine
72.1%
Heart of _____Darkness
62.9%
The _____ of the LocustDay
61.1%
Civil _____Disobedience
47.6%
Tess of the _____D'Urbervilles
40.6%
A Handful of _____Dust
39.8%
A _____ HouseDoll's
31.5%
_____ DerondaDaniel
20.2%

Today's Daily Dose

Missing Word
'80s Musicals

Word Ladder
Hereditary

Get the Picture
Food Names

From the Vault

Images That Start with 'A'

by sproutcm

No matter how you do, you'll still get an 'A'.
Remove Ads.
Support Sporcle.
Get the best of Sporcle when you Go Orange. This ad-free experience offers more features, more stats, and more fun while also helping to support Sporcle. Thank you for becoming a member.

Show Comments

Extras

Top Quizzes Today


Score Distribution

Your Account Isn't Verified!

In order to create a playlist on Sporcle, you need to verify the email address you used during registration. Go to your Sporcle Settings to finish the process.

Report this User

Report this user for behavior that violates our Community Guidelines.

Details: